Compétitions sportives par logo. - Statistiques

Statistiques générales
  • Ce quiz a été pris 194 fois
  • Le résultat moyen est 13 sur 20
Statistiques - réponses
Par images Réponse % Correct
National Basketball Association
99%
Jeux olympiques
98%
Tour de France
96%
Ligue des Champions
95%
Formule 1
94%
Tournoi de Roland Garros
93%
Premier League
92%
Coupe d'Afrique des Nations
91%
National Football League
87%
Bundesliga
86%
Tournoi de Wimbledon
85%
LaLiga
59%
Open d'Australie
56%
Jeux paralympiques
45%
National Hockey League
44%
Copa Libertadores
36%
Champions Cup
27%
Coupe du monde de rugby
27%
Euroligue
15%
Coupe Davis
5%
Aucun quiz correspondant
Distribution des résultats
% des personnes avec chaque résultat
Percentile par nombre de réponses
Votre historique - résultats
Vous n’avez pas pris ce quiz